000 00408nam a2200133Ia 4500
008 220216s9999 xx 000 0 und d
100 _aKiang W T
245 0 _aRollmark- A new device for marking bark consumption before tapping
260 _bProceedings of the RRIM Rubber Growers Conference, Johore, 1987; p261-280
650 _aBark consumption
650 _aRollmark
650 _aTapping
942 _cJS
999 _c67233
_d67233